|
|
|
|
| LEADER |
00000naa2a2200000 4500 |
| 001 |
681112 |
| 005 |
20250903151327.0 |
| 090 |
|
|
|a 681112
|
| 100 |
|
|
|a 20250801d2025 k||y0rusy50 ca
|
| 101 |
0 |
|
|a rus
|
| 102 |
|
|
|a RU
|
| 135 |
|
|
|a drbn ---uucaa
|
| 200 |
1 |
|
|a Автоматизированная система контроля выбросов газов при добыче углеводородов
|f Погорелова А. Ю.
|
| 320 |
|
|
|a Список использованных источников: 7 назв
|
| 330 |
|
|
|a Надлежащий контроль выбросов природного газа на месторождения является основой для торговли квотами газодобывающей отрасли на выбросы углерода, а автоматическая система безопасности и автоматизированная система мониторинга имеют решающее значение для создания надежной системы контроля выбросов углерода и повышения объективности контроля объемов выбросов. Автоматизированная система контроля выбросов газов при добыче углеводородов позволяет непрерывно отслеживать и анализировать объемный уровень выбросов, оперативно реагировать на их превышение. Внедрение автоматизации способствует рациональному использованию ресурсов, повышению безопасности и эффективности производственных процессов
|
| 336 |
|
|
|a Текстовый файл
|
| 463 |
|
1 |
|0 681090
|9 681090
|t Молодежь и современные информационные технологии
|o сборник трудов XXII Международной научно-практической конференции студентов, аспирантов и молодых ученых, 15–17 апреля 2025 г., Томск
|f под ред. А. С. Беляева
|c Томск
|d 2025
|n Изд-во ТПУ
|u conference_tpu-2025-C04.pdf
|v С. 140-143
|
| 545 |
1 |
|
|a Автоматизация технологических процессов и производств
|
| 610 |
1 |
|
|a электронный ресурс
|
| 610 |
1 |
|
|a труды учёных ТПУ
|
| 610 |
1 |
|
|a автоматизация
|
| 610 |
1 |
|
|a контроль выбросов
|
| 610 |
1 |
|
|a квотовый регулятор выбросов газа
|
| 610 |
1 |
|
|a мониторинг
|
| 610 |
1 |
|
|a безопасность
|
| 610 |
1 |
|
|a добыча газа
|
| 700 |
|
1 |
|a Погорелова
|b А. Ю.
|
| 801 |
|
0 |
|a RU
|b 63413507
|c 20250801
|
| 850 |
|
|
|a 63413507
|
| 856 |
4 |
|
|u http://earchive.tpu.ru/handle/11683/132206
|z http://earchive.tpu.ru/handle/11683/132206
|
| 942 |
|
|
|c CF
|